书目信息 |
| 题名: |
多媒体课件制作与实例
|
|
| 作者: | 周小玉 主编 | |
| 分册: | ||
| 出版信息: | 北京 机械工业出版社 2002.03 |
|
| 页数: | 388页 | |
| 开本: | 16开 | |
| 丛书名: | ||
| 单 册: | ||
| 中图分类: | TP316.5 | |
| 科图分类: | ||
| 主题词: | 软件 | |
| 电子资源: | ||
| ISBN: | 7-900066-03-9 | |
| 000 | 00586nam0 2200205 45 | |
| 001 | 0206130916 | |
| 005 | 20020613093504.7 | |
| 010 | @a7-900066-03-9@d42.00元 | |
| 100 | @a20020613d2002 km y0chiy0120 ea | |
| 101 | 0 | @achi |
| 105 | @a z 000yy | |
| 200 | 1 | @a多媒体课件制作与实例@ADuo Mei Ti Ke Jian Zhi Zuo Yu Shi Li@f周小玉主编@FZhou Xiao Yu Zhu Bian |
| 210 | @a北京@c机械工业出版社@d2002.03 | |
| 215 | @a388页@d16开 | |
| 300 | @a光盘1张 | |
| 606 | 0 | @a软件 |
| 690 | @aTP316.5@v3 | |
| 701 | 0 | @a周小玉@4主编 |
| 801 | @aCN@bPftUser@c20020613 | |
| 905 | @aBZT@b340428@dTP316.5@e6@f1 | |
| 多媒体课件制作与实例/周小玉主编.-北京:机械工业出版社,2002.03 |
| 388页;16开 |
| 光盘1张 |
| ISBN 7-900066-03-9:42.00元 |
| ● |
| 相关链接 |
|
|
|
正题名:多媒体课件制作与实例
索取号:TP316.5/6
 
预约/预借
| 序号 | 登录号 | 条形码 | 馆藏地/架位号 | 状态 | 备注 |
| 1 | 340428 | 201171613 | 中心书库中库/ 中库028架A面2列3层46/ [索取号:TP316.5/6] | 在馆 |